000 00426nam a2200145Ia 4500
008 150121s9999 xx 000 0 und d
020 _a0115-6292
245 _aKAYƂ TAO /
_h[electronic resource]
260 _bDe La Salle University,
_c1993.
516 _aElectronic text
650 _aBehavioral Sciences.
830 _aPhilippine E-Journals
856 _uhttp://www.ejournals.ph/index.php?journal=KAYATAO
942 _cEJ
999 _c277044
_d277044